000 00563nam a2200181Ia 4500
008 240925s9999 xx 000 0 und d
020 _a70990107
082 _a515.9 SPI
100 _aSpiegel, Murray R.
245 0 _aSchaums Outloine Series Theory and Problams of Complex Variables: wit introduction to conformal mapping and its applications
250 _aNA
260 _aSingapore:
_bMc Graw Hill
_c,1988.
300 _axx,985p.
_bNA
_fOriginal
500 _aIncludes Index
600 _aHumanities & Natural Science
650 _aMathematics
942 _cBK
999 _c7869
_d7869